name all Fnaf characters - Statistics

General Stats
  • This quiz has been taken 52 times
    32 since last reset
  • The average score is 57 of 281
Answer Stats
Answer % Correct
Bonnie
100%
Chica
100%
Foxy
100%
Freddy
100%
Golden Freddy
100%
Endo 01
75%
Balloon boy
69%
Puppet
69%
Toy Chica
69%
Fnaf 2 Toy Freddy
69%
Mangle
63%
Phone guy
63%
Shadow Bonnie
63%
Fnaf 3 Springtrap
63%
Toy Bonnie
63%
Withered Bonnie
63%
Withered Chica
63%
Withered Foxy
63%
Withered Freddy
63%
Ballora
56%
Fnaf SL Circus Baby
56%
Cupcake
56%
Endo 02
56%
Ennard
56%
Fredbear
56%
Funtime Foxy
56%
Funtime Freddy
56%
JJ
56%
Minireena
56%
Nightmare
56%
Nightmare Balloon Boy
56%
Nightmare Bonnie
56%
Nightmare Chica
56%
Nightmare Foxy
56%
Nightmare Freddy
56%
Nightmare Mangle
56%
Shadow Freddy
56%
Bon Bon
50%
Bonnet
50%
ElectroBab
50%
Jack o Bonnie
50%
Jack o Chica
50%
Phantom Balloon boy
50%
Phantom Chica
50%
Phantom Foxy
50%
Phantom Freddy
50%
Phantom Mangle
50%
Phantom Puppet
50%
Plush Trap
50%
Spring Bonnie
50%
Withered Golden Freddy
50%
Yenndo
50%
BidyBab
44%
Fnaf 1 Crying Child
44%
Mediocre Melodies Happy Frog
44%
Mr Hippo
44%
Mr Hugs
44%
NeddBear
44%
Fnaf 4 Nightmare Fredbear
44%
Nightmarione
44%
Orville Elephant
44%
PigPatch
44%
Freddles
38%
Funtime Chica
38%
Glamrock Freddy
38%
Lolbit
38%
Trash and The Gang Mr Can Do
38%
No.1 Crate
38%
Pan Stan
38%
Rockstar Bonnie
38%
Rockstar Chica
38%
Rockstar Foxy
38%
Rockstar Freddy
38%
Security Puppet
38%
Toy Cupcake
38%
Bucket Bob
31%
Candy
31%
Security Breach Glamrock Chica
31%
Lemonade clown
31%
Phantom Golden Freddy
31%
Purple guy
31%
Deedee
25%
DJ Music Man
25%
Fnaf 6 El Chip
25%
Elizabeth
25%
Fruit punch Clown
25%
Help wanted 1 and 2 GlitchTrap
25%
GrimmFoxy
25%
Ignited Animatronics Ignited Bonnie
25%
Ignited Chica
25%
Ignited foxy
25%
Montgomery Gator
25%
Music Man
25%
Phantom Bonnie
25%
Prize King
25%
Roxanne Wolf
25%
Vanny
25%
Other Carnie
19%
Dreadbear
19%
Egg Baby
19%
Hand Unit
19%
Ignited freddy
19%
Little Joe
19%
Magician
19%
Mimic
19%
Moon
19%
Sun
19%
Big Top
13%
Boulder Toy Bonnie
13%
Chocolate Bonnie
13%
Easter Bonnie
13%
Freddy Frostbear
13%
Helpi
13%
High Score Toy Chica
13%
Human heads
13%
Jackie
13%
Jack o Lantern
13%
Mystic Hippo
13%
Nurse Dolly
13%
Shadow Mangle
13%
Shamrock Freddy
13%
Twisted Bonnie
13%
Twisted Chica
13%
Twisted Foxy
13%
The Twisted ones Twisted Freddy
13%
UNC XOR
13%
8 bit Candellora
6%
Aeronaut Toy Freddy
6%
Alien Bot
6%
Arctic Ballora
6%
Big Bad Foxy
6%
Bigfoot Lefty
6%
Black Heart Bonnie
6%
Blackice Frostbear
6%
Blob
6%
Broiler Baby
6%
Brow Boy
6%
Burnt Foxy
6%
Cat
6%
Catrina Toy Chica
6%
Caution Bot
6%
Celebrator Freddy
6%
Chester
6%
Chocolate Chica
6%
Claw Machine Baby
6%
Clockwork Ballora
6%
Clockwork Minireena
6%
Clown Springtrap
6%
Curse
6%
Dark Foxy
6%
Dark Freddy
6%
Eclipse
6%
Ella
6%
Endo Plush
6%
Ferris Mangle
6%
Fetch
6%
FireWork Freddy
6%
Flamethrower Endo
6%
Flaming Springtrap
6%
Fortune Teller
6%
Frank
6%
Frostbite Balloon boy
6%
Frost Plush Trap
6%
Game over Toy Chica
6%
Ghostrap
6%
Glamrock Mr Hippo
6%
Great Escape Golden Freddy
6%
Heartsick Baby
6%
Holiday Spirit Molten Freddy
6%
Infested Golden Freddy
6%
Jetpack Balloon Boy
6%
Liberty Chica
6%
Little Red Chica
6%
Livewire Toy Freddy
6%
Magician Mangle
6%
Mechanical Marvel Mangle
6%
Mendo
6%
Mop Bot
6%
Neon Bonnie
6%
Neon Chica
6%
Neon Jukebox
6%
Over sweet Frost bear
6%
Party Bot
6%
Party Freddy
6%
Piranha Plushtrap
6%
PlushBaby
6%
Plushcrow
6%
Radioactive Foxy
6%
Rat
6%
Ring Master Foxy
6%
Scorching Chica
6%
Scrap Metal Toy Bonnie
6%
fnaf ar special delivery and forsaken ar special delivery Serpent Mangle
6%
Sly
6%
Sunken Toy Bonnie
6%
Swamp Balloon Boy
6%
Sweet Tooth Jack o Chica
6%
System Error Toy bonnie
6%
Tangle
6%
Time Traveler Toy Chica
6%
Totem Bake
6%
Toxic Spring trap
6%
Vendor Chica
6%
Vinnie
6%
Vr Toy Freddy
6%
Winner Balloon Boy
6%
Woodcarver Funtime Freddy
6%
Woodland Toy Freddy
6%
B7
0%
Blackbird
0%
Blake
0%
Blank
0%
Bounce pot
0%
Captain Foxy
0%
Choclate Freddy
0%
Cinder
0%
Coils
0%
Colossal
0%
Comedy Bot
0%
Dark Water Bare Endo
0%
Delilah
0%
Digi Typer
0%
Driver Assist Bot
0%
Elenor
0%
EndoSkeloten
0%
Entity
0%
Fraken Toy
0%
Gemini
0%
Geode Frost bear Freddy
0%
Gumball Swivehands
0%
Happs
0%
Head Chef Bot
0%
Instructer Bot
0%
Into the pit SpringBonnie
0%
Isabella
0%
Jack o Moon
0%
Lally
0%
Lollipop
0%
Lucky Boy
0%
Magician Bot
0%
Marco
0%
Mask bot
0%
Mat Bot
0%
Melted Choclate Bonnie
0%
Micheal Afton
0%
Mini Bot 5000
0%
Mr Chicken
0%
Mr Shake
0%
Ms Burger
0%
Nanny Bot
0%
Negate Rainbow Freddy
0%
Nexie
0%
Nightmare Endo
0%
NightmarionnBot
0%
Olive
0%
Penguin
0%
Pickles Robot
0%
Pizza Bot
0%
Pop goes Weasel
0%
Ralpho
0%
Rose
0%
Rosie Porkchop
0%
Saffron
0%
Sara
0%
Server Bot
0%
Sewer Bot
0%
Stanley
0%
Star Orphans
0%
StitchWraith
0%
Stone
0%
Suger Rush Balloon Boy
0%
Theodore
0%
Tombstack
0%
Twisted Wolfie
0%
Victoria
0%
White Rabbit
0%
Yarg Foxy
0%
Zeus
0%
No matching quizzes found
Score Distribution
Percent of People with Each Score
Percentile by Number Answered
Your Score History
You have not taken this quiz since the last reset